Countries Furthest Away From Their Capital - Statistics

General Stats
  • This quiz has been taken 148 times
  • The average score is 24 of 30
Answer Stats
Km Country % Correct
7081 Russia
99%
12783 United States (Guam)
99%
16375 France (French Polynesia)
98%
14894 United Kingdom (Pitcairn Islands)
98%
4468 Canada
97%
6054 Australia (Heard Island and McDonald Islands)
95%
3638 China
95%
3807 Indonesia
95%
3101 Brazil
93%
3765 Chile
92%
2284 India
92%
2390 Argentina
91%
1936 Spain
89%
2039 Japan
88%
2308 Mexico
88%
3852 New Zealand (Tokelau)
88%
3921 Denmark (Greenland)
84%
16397 Norway (Peter I Island)
84%
7889 Netherlands (Aruba)
83%
1907 Portugal
82%
1809 Kazakhstan
76%
1975 Algeria
73%
1953 Democratic Republic of the Congo
73%
2508 South Africa
68%
1963 Malaysia
60%
2301 Federated States of Micronesia
58%
1851 Libya
58%
4270 Kiribati
56%
1778 Morocco
50%
1914 Mozambique
38%
No matching quizzes found
Score Distribution
Percent of People with Each Score
Percentile by Number Answered
Your Score History
You have not taken this quiz